• 首页
  • 本馆介绍
  • 公告通知
  • 最新文献
  • 馆藏检索
  • 电子资源
  • 读者荐购
  • 参考咨询
  • CALIS
  • 我的图书馆
  • 登录
  • 详细信息显示
  • 放入我的书架
  • 预约/预借图书
  • 作者相关作品
  • 分类相关作品
  • 丛书相关作品
  • 出版社相关作品

书目信息

  • 表格格式
  • 工作单格式
  • 卡片格式
题名:
西汉亡魂:马王堆汉墓发掘之谜
    
 
作者: 岳南 著
分册:  
出版信息: 北京   新世界出版社  1998.03
页数: 488页
开本: 32开
丛书名:
单 册:
中图分类:
科图分类:
主题词: 报告文学--中国 , 传记文学--中国
电子资源:
ISBN: 7-80005-405-5
 
 
 
 
 
000 00617nam0 2200217 45
001 9911091677
005 20001028105813.9
010    @a7-80005-405-5@d22.00元
100    @a19991109d1998 km y0chiy0120 ea
101    @achi
105    @a z 000yy
200 1  @a西汉亡魂:马王堆汉墓发掘之谜@AXi Han Wang Hun:Ma Wang Dui Han Mu Fa Jue Zhi Mi@f岳南著@FYue Nan Zhu
210    @a北京@c新世界出版社@d1998.03
215    @a488页@d32开
606 0  @a报告文学@x中国
606 0  @a传记文学@x中国
690    @v3
690    @aI25@v3
701    @a岳南@4著
801    @aCN@bPFTUser@c19991109
905    @dI25@eY.195/1@b194195-197@f3
    
    西汉亡魂:马王堆汉墓发掘之谜/岳南著.-北京:新世界出版社,1998.03
    488页;32开
    
    
    ISBN 7-80005-405-5:22.00元
    
●
相关链接 在E读中查询图书 在当当中查询图书 在豆瓣中查询图书


正题名:西汉亡魂:马王堆汉墓发掘之谜     索取号:I25/Y.195/1         预约/预借

序号 登录号 条形码 馆藏地/架位号 状态 备注
1 194195   201941952   文学库108/ [索取号:I25/Y.195/1] 在馆    
2 194196   201941961   社科二线422/422社科库 29排4列2层/ [索取号:I25/Y.195/1] 在馆    
3 194197   201941970   社科二线422/422社科库 29排4列2层/ [索取号:I25/Y.195/1] 在馆    
河南城建学院图书馆 欢迎您!
大连网信软件有限公司© 版权所有